|
|
|
|
| LEADER |
00000ny a22000003n 4500 |
| 005 |
2011052405375.0 |
| 008 |
080708s20059999sp r s 000 a0spa c |
| 022 |
|
|
|a 10185593
|
| 035 |
|
|
|a 2102
|
| 040 |
|
|
|a UMA.RE
|d vLex
|
| 090 |
|
|
|c 188
|d 188
|
| 100 |
1 |
|
|a Bouchon, Sara
|
| 245 |
1 |
4 |
|a The EU-legislation addressing risks
|h [Recurso electrn̤ico]
|b State of the art /
|c Sara Bouchon
|
| 256 |
|
|
|a Servicio en ln̕ea
|
| 260 |
|
|
|a [Luxemburgo] :
|b European Union Publications Office,
|c 2005
|
| 506 |
1 |
|
|a Contenido solo disponible en los productos indicados
|d vLex Global
|d vLex Global (Academic Edition, excluding Law Schools)
|d vLex Global (U.S. Academic Edition, Law Schools)
|d vLex Global (U.S. Academic Edition, excluding Law Schools)
|d vLex Global (Academic Edition, Law Schools)
|
| 650 |
0 |
4 |
|a Legislacin̤
|z Unin̤ Europea
|
| 710 |
1 |
|
|a Unin̤ Europea.
|b Oficina de Publicaciones Oficiales
|
| 740 |
0 |
|
|a vLex Revista (Servicios en ln̕ea)
|
| 856 |
4 |
0 |
|z Acceso restringido
|u http://vlex.com/source/eu-legislation-addressing-risks-state-art-2102
|
| 942 |
|
|
|c REV
|
| 999 |
0 |
|
|a Legislation
|b Luxemburg
|